Accounting for managers : text and cases

Αποθηκεύτηκε σε:
Λεπτομέρειες βιβλιογραφικής εγγραφής
Κύριος συγγραφέας: Bruns, William J.
Μορφή: Βιβλίο
Γλώσσα:Greek
Δημοσίευση: Cincinnati : College Division, 1994
Θέματα:
Ετικέτες: Προσθήκη ετικέτας
Δεν υπάρχουν, Καταχωρήστε ετικέτα πρώτοι!

MARC

LEADER 00000nam a2200000 i 4500
001 1/9170
008 000801s1994 gre d
020 |a 0-538-83310-6 
035 |l 10062953 
040 |a GR-MY-UA  |b gre  |e aacr 
041 0 |a gre 
082 0 |a 658.1511 
100 1 |a Bruns, William J. 
245 1 0 |a Accounting for managers :  |b text and cases /  |c William J. Bruns 
260 |a Cincinnati :   |b College Division,   |c 1994 
650 0 0 |a Managerial accounting. 
650 0 0 |a Managerial accounting  |x Case studies. 
852 |a INST  |b CHIOS  |e 20000801  |h 658.1511 BRU  |p 005200003694  |q 005200003694  |t BK  |y 0 
901 |a BIBL1-2000-2 
909 |a Χ  |b 037604 
922 |a 2ΕΛΗ  |b 199408  |c ΒΑΡΒΑΚΗΣ  |d LEADER BOOKS 
970 |a 2000/08/01